Viggo Mortensen Filmography - Statistics

General Stats
  • This quiz has been taken 125 times
    15 since last reset
  • The average score is 29 of 83
Answer Stats
Type Year Name % Correct
Film 2003 The Lord of the Rings: The Return of the King
100%
Film 2002 The Lord of the Rings: The Two Towers
100%
Video Game 2002 The Lord of the Rings: The Two Towers
100%
Film 2018 Green Book
80%
Film 2001 The Lord of the Rings: The Fellowship of the Ring
80%
Film 2005 A History of Violence
70%
Film 2016 Captain Fantastic
70%
Film 2007 Eastern Promises
70%
Film 2011 A Dangerous Method
60%
Film 2022 Crimes of the Future
60%
Film 2006 Alatriste
50%
Film 1993 Carlito's Way
50%
Film 2014 Jauja
50%
Film 1990 Leatherface: The Texas Chainsaw Massacre III
50%
Film 2009 The Road
50%
Film 1998 A Perfect Murder
40%
Film 1997 G.I. Jane
40%
Film 2004 Hidalgo
40%
Film 2012 On the Road
40%
Film 1991 The Indian Runner
40%
Film 1996 The Portrait of a Lady
40%
Film 1995 The Prophecy
40%
Film 2014 The Two Faces of January
40%
Film 2000 28 Days
30%
TV Show 1985 ABC Afterschool Specials
30%
Film 1997 Albino Alligator
30%
Film 1993 American Yakuza
30%
Film 2008 Appaloosa
30%
Film 1999 A Walk on the Moon
30%
Film 1995 Black Velvet Pantsuit
30%
Film 1993 Boiling Point
30%
Documentary Mini-Series 2020 Cosmos: Possible Worlds
30%
Film 1995 Crimson Tide
30%
Short Film 2019 Darrylgorn
30%
Film 1996 Daylight
30%
Film 2023 Eureka
30%
Film 2012 Everybody Has a Plan
30%
Film 2020 Falling
30%
Film 2014 Far from Men
30%
Film 1994 Floundering
30%
Film 1988 Fresh Horses
30%
TV Mini-Series 1984 George Washington
30%
Film 1995 Gimlet
30%
Film 2008 Good
30%
Film 1994 Gospel According to Harry
30%
Documentary TBA Hollywood Horseman
30%
TV Show 1987 Miami Vice
30%
Film 1997 My Brother's Gun
30%
Short Film 1994 Oh, What a Day! 1914
30%
TV Short 1990 Once in a Blue Moon
30%
TV Special 2020 Premio Donostia a Viggo Mortensen
30%
Film 1987 Prison
30%
Film 1998 Psycho
30%
Film 1992 Ruby Cairo
30%
Film 1987 Salvation!: Have You Said Your Prayers Today?
30%
TV Show 1985 Search for Tomorrow
30%
Film 1994 The Crew
30%
Film 2023 The Dead Don't Hurt
30%
Film 1995 The Passion of Darkly Noon
30%
Film 1990 The Reflecting Skin
30%
Film 1993 The Young Americans
30%
Film 2022 Thirteen Lives
30%
Film 1989 Tripwire
30%
Documentary Mini-Series 2022 Ukraine on Fire 2
30%
TV Film 1997 Vanishing Point
30%
Film 1985 Witness
30%
Film 1990 Young Guns 2: Blaze of Glory
30%
Documentary 2009 100 Years of the Montreal Canadiens
20%
Documentary 2009 Reclaiming the Blade
20%
Documentary 2005 Ringers: Lord of the Fans
20%
Short Documentary 2007 Save the American Wild Horse
20%
Documentary 2007 Slacker Uprising
20%
Documentary 2009 The People Speak
20%
Documentary Mini-Series 2017 The Revolution Televised
20%
Documentary 2010 Wild Horses and Renegades
20%
TV Documentary 2001 A Passage to Middle-earth: The Making of Lord of the Rings
10%
Documentary 1988 Let's Get Lost
10%
TV Documentary 1998 Psycho Path
10%
Theater 2011 Purgatorio
10%
TV Documentary 2001 Quest for the Ring
10%
Theater 1985 Romeo and Juliet
10%
TV Documentary 2003 The Lord of the Rings: The Quest Fulfilled
10%
Documentary 2002 The Making of the Lord of the Rings
10%
No matching quizzes found
Score Distribution
Percent of People with Each Score
Percentile by Number Answered
Your Score History
You have not taken this quiz since the last reset